00539nam a22001697a 4500003000500000005001700005008004100022020001500063050002400078100002100102245010700123250001200230260005100242300004000293650001800333650001800351PILC20150511142525.0150511b xxu||||| |||| 00| 0 eng d a9715132138 aQR 1502b.B352 2006 aBautista, Joy N. aLaboratory workbook in microbiology and parasitology :bfor the health professions /cJoy N. Bautista. a1st ed. aManila :bEducational Publishing House,c2006. a221 pages :billustrations,c26 cm. aMicrobiology. aParasitology.